LDS - 30 Countries with Most Latter-Day Saints - Statistics

General Stats
  • This quiz has been taken 566 times
  • The average score is 24 of 30
Answer Stats
Hint Answer Members 2019 Rank % Correct
1 United States 6,868,793 1
100%
13 Canada 203,339 12
98%
2 Mexico 1,516.406 2
97%
15 United Kingdom 186,350 14
96%
3 Brazil 1,494,591 3
94%
7 Argentina 481,518 7
93%
12 Colombia 215,331 11
92%
17 Australia 157,079 17
90%
6 Chile 607,583 6
90%
5 Peru 637,180 5
90%
16 Venezuela 176,623 16
89%
9 Ecuador 264,802 9
85%
21 New Zealand 117,909 21
84%
26 Paraguay 100,121 24
84%
29 South Africa 71,889 29
84%
23 Uruguay 108,060 22
83%
11 Bolivia 225,140 10
82%
8 Guatemala 290,068 8
82%
19 Japan 130,096 19
79%
14 Honduras 187,341 15
78%
25 Nicaragua 101,907 23
78%
18 Dominican Republic 149,655 18
74%
20 El Salvador 129,963 20
73%
4 Philippines 867,271 4
69%
28 South Korea 88,621 26
69%
10 Nigeria 232,654 13
68%
22 DR Congo 115,027 28
59%
24 Ghana 106,888 25
44%
27 Samoa 88,726 27
31%
30 Tonga 68,404 30
30%
No matching quizzes found
Score Distribution
Percent of People with Each Score
Percentile by Number Answered
Your Score History
You have not taken this quiz